| 000 | 00910nam a2200265 i 4500 | ||
|---|---|---|---|
| 001 | 17615 | ||
| 003 | ES-MaACL | ||
| 005 | 20230906151628.0 | ||
| 007 | t| | ||
| 008 | 010409s2000 sp |||| | spa d | ||
| 020 | _a84-7030-716-9 | ||
| 080 | _a329.11(460)(091) | ||
| 080 | _a946.0"17/19" | ||
| 100 | 1 |
_aGonzález Cuevas, Pedro Carlos. _958524 |
|
| 245 | 1 | 0 |
_aHistoria de las derechas españolas _b: de la Ilustración a nuestros días / _cPedro Carlos González Cuevas ; prólogo de Andrés de Blas. |
| 260 |
_aMadrid : _bBiblioteca Nueva, _c[2000] |
||
| 300 |
_a525 p. ; _c24 cm. |
||
| 490 | 1 | _aHistoria Biblioteca Nueva | |
| 650 | 4 |
_aConservadurismo- _zEspaña. _9163169 |
|
| 651 | 4 |
_aEspaña- _xHistoria- _y1700-, Casa de Borbón. _9139051 |
|
| 700 | 1 |
_aBlas Guerrero, Andrés de. _929351 |
|
| 830 | 0 |
_aHistoria Biblioteca Nueva _9180322 |
|
| 852 |
_aES-MaACL _jL-24548 |
||
| 999 |
_c17615 _d17615 |
||